000 00573nam a2200181 4500
001 109973
003 ES-MaACL
005 20250814063227.0
007 t|
008 061121s1962 sp r ||||1| spa d
100 1 _aObrador Alcalde, Sixto,
_d1911-1978
_986417
245 1 0 _aHidrocefalias no tumorales
_b: ( clínica y terapéutica) /
_cSixto Obrador Alcalde, E. Lamas.
260 _aBarcelona :
_bToray,
_c1962.
300 _aVIII, 133 p. :
_bil. ;
_c22 cm.
700 1 _aLamas, E.
_969777
852 _aES-MaACL
_jC-24480
_bR.51869
999 _c109973
_d109973